ថាសមាស​ / (Record no. 4567)

MARC details
000 -LEADER
fixed length control field 01892nam a22003137a 4500
001 - CONTROL NUMBER
control field 4567
003 - CONTROL NUMBER IDENTIFIER
control field FISKH
005 - DATE AND TIME OF LATEST TRANSACTION
control field 20250307114539.0
008 - FIXED-LENGTH DATA ELEMENTS--GENERAL INFORMATION
fixed length control field 240917b cb ||||| |||| 00| 0 eng d
020 ## - INTERNATIONAL STANDARD BOOK NUMBER
International Standard Book Number 9789996389344
040 ## - CATALOGING SOURCE
Original cataloging agency FISKH
Language of cataloging Khmer
Transcribing agency FISKH
Modifying agency FISKH
050 ## - LIBRARY OF CONGRESS CALL NUMBER
Classification number PZ7
082 ## - DEWEY DECIMAL CLASSIFICATION NUMBER
Classification number 800
100 ## - MAIN ENTRY--PERSONAL NAME
Personal name Anoymous
Relator term author
245 ## - TITLE STATEMENT
Title ថាសមាស​ /
Statement of responsibility, etc. by Anonymous
250 ## - EDITION STATEMENT
Edition statement បោះពុម្ពឆ្នាំ២០១៥
260 ## - PUBLICATION, DISTRIBUTION, ETC.
Place of publication, distribution, etc. ភ្នំពេញ :
Name of publisher, distributor, etc. អផ្សុក ;
Date of publication, distribution, etc. ២០១៥ .
300 ## - PHYSICAL DESCRIPTION
Extent 12 pages :
Other physical details color illustrations ;
Dimensions 22 cm .
490 ## - SERIES STATEMENT
Series statement និទានអប់រំសម្រាប់កុមារ
505 ## - FORMATTED CONTENTS NOTE
Formatted contents note G <br/>
520 ## - SUMMARY, ETC.
Summary, etc. នៅក្នុងផ្ទះតូចមួយមានស្រ្តីជរាក្រីក្រនិងចោស្រីម្នាក់ ។ ចោស្រីបានអោយយាយយកថាសចាស់ដើម្បីដូរយកកងដៃ ។​ បុរសនោះដឹងថាវាមិនមែនជាថាសចាស់ទេ តែវាជាថាសមាសដែលមានតម្លៃមហាសាល ទើបឈ្មួញកំលោះដ៏ស្មោះត្រង់ ប្រគល់ទំនិញមួយរទេះជាការដោះដូរនឺងថាសមាសនោះ ។
520 ## - SUMMARY, ETC.
Summary, etc. In a small house there was a poor old woman and a grand daughter . Grand daughter asked Grandma to exchange the old tray for the bracelet. The merchant knew that it was not an old tray, but that it was a piece of jewelry of great value, so the merchant gives all his stuffs to grandma to exchange with the golden tray.
521 8# - TARGET AUDIENCE NOTE
Target audience note 380 <br/>
Source Lexile estimate <br/>
521 8# - TARGET AUDIENCE NOTE
Target audience note G <br/>
Source Raz-Plus <br/>
650 ## - SUBJECT ADDED ENTRY--TOPICAL TERM
Topical term or geographic name entry element ទំនិញ
650 ## - SUBJECT ADDED ENTRY--TOPICAL TERM
Topical term or geographic name entry element stuffs
942 ## - ADDED ENTRY ELEMENTS (KOHA)
Source of classification or shelving scheme Dewey Decimal Classification
Koha item type Khmer Books
Suppress in OPAC No
Holdings
Withdrawn status Lost status Source of classification or shelving scheme Damaged status Not for loan Collection Home library Current library Shelving location Date acquired Total Checkouts Full call number Barcode Date last seen Copy number Price effective from Koha item type Date last checked out
    Dewey Decimal Classification     Khmer Language Books / សៀវភៅភាសាខ្មែរ Footprints International School Library Network Toul Kork Campus Footprints International School Library Network Toul Kork Campus TK Old Khmer Books (Rear Hallway Shelf 3) 09/04/2025 1 ANO PZ7 800 FISTK04606 03/16/2026 4 09/04/2025 Khmer Books 10/10/2025
    Dewey Decimal Classification     Khmer Language Books / សៀវភៅភាសាខ្មែរ Footprints International School Library Network Toul Kork Campus Footprints International School Library Network Toul Kork Campus TK Old Khmer Books (Rear Hallway Shelf 3) 09/04/2025 1 ANO PZ7 800 FISTK04607 03/16/2026 5 09/04/2025 Khmer Books 10/10/2025
    Dewey Decimal Classification     Khmer Language Books / សៀវភៅភាសាខ្មែរ Footprints International School Library Network Toul Kork Campus Footprints International School Library Network Toul Kork Campus TK Old Khmer Books (Rear Hallway Shelf 3) 09/04/2025 1 ANO PZ7 800 FISBK03764 03/16/2026 6 09/04/2025 Khmer Books 10/10/2025
    Dewey Decimal Classification     Khmer Language Books / សៀវភៅភាសាខ្មែរ Footprints International School Library Network Toul Tom Poung Campus Footprints International School Library Network Toul Tom Poung Campus TTP Primary Khmer Bookshelves 09/17/2024   ANO PZ7 800 FIS04992 09/17/2024 1 09/17/2024 Khmer Books  
    Dewey Decimal Classification     Khmer Language Books / សៀវភៅភាសាខ្មែរ Footprints International School Library Network Toul Tom Poung Campus Footprints International School Library Network Toul Tom Poung Campus TTP Primary Khmer Bookshelves 09/17/2024 1 ANO PZ7 800 FIS04013 09/30/2025 2 09/17/2024 Khmer Books 07/15/2025
    Dewey Decimal Classification     Khmer Language Books / សៀវភៅភាសាខ្មែរ Footprints International School Library Network Toul Tom Poung Campus Footprints International School Library Network Toul Tom Poung Campus TTP Primary Khmer Bookshelves 09/17/2024 1 ANO PZ7 800 FIS04438 09/30/2025 3 09/17/2024 Khmer Books 07/15/2025
    Dewey Decimal Classification     Khmer Language Books / សៀវភៅភាសាខ្មែរ Footprints International School Library Network Toul Tom Poung Campus Footprints International School Library Network Toul Tom Poung Campus TTP Primary Khmer Bookshelves 10/24/2025   ANO PZ7 800 FIS04423 10/24/2025 7 10/24/2025 Khmer Books  
    Dewey Decimal Classification     Khmer Language Books / សៀវភៅភាសាខ្មែរ Footprints International School Library Network Toul Tom Poung Campus Footprints International School Library Network Toul Tom Poung Campus TTP Primary Khmer Bookshelves 12/11/2025   ANO PZ7 800 FIS03954 12/11/2025 8 12/11/2025 Khmer Books  
    Dewey Decimal Classification     Khmer Language Books / សៀវភៅភាសាខ្មែរ Footprints International School Library Network Toul Tom Poung Campus Footprints International School Library Network Toul Tom Poung Campus TTP Primary Khmer Bookshelves 12/12/2025   ANO PZ7 800 FISBK03820 12/12/2025 9 12/12/2025 Khmer Books